00666nam a2200145Ia 4500008004100000100001600041245011800057245002800175260000900203300002500212440003800237650015400275999001900429952007200448171207s9999 xx 000 0 und d aEri, Thomas 4aThe challenge of sustaining change: contradictions within the development of teacher and librarian collaboration  cThomas Eri & Joron Pihl c2017 apages 239-255, 2017 aEducational Action Researchv25:2 aTeacher and librarian collaboration, contradictions, cultural–historical activity theory, critical pedagogy, expansive learning, literacy education c347525d347525 001040aCLbCLd2017-12-07l0r2017-12-07 00:00:00w2017-12-07ySE